000 01176cam a2200277 4500
008 090401t1992 xxu||||| |||| 00| 0 eng d
020 _a0922154058
035 _a(Sirsi) u36667
041 _aeng
050 _a712.7
_c18
100 _aGimmy, Arthur E
245 _aGolf courses and country clubs: a guide to appraisal, market analysis, development and financing.
260 _aChicago, Illinois
_bAppraisal Institute
_c1992
300 _axii,163p. : ill. ; 26cm.
350 _a0
520 _aProvides clear descriptions of the various types of golf courses and their operational categories. Also discusses supply and demand relationships, financial feasibility, highest and best use, the application of the cost, income and sales comparison approaches, and the problems encountered in obtaining financing. Also covers golf courses and country clubs designed as part of residential real estate developments.
650 _aCOUNTRY CLUBS
650 _aDESIGN
650 _aGOLF COURSES
650 _aPLANNING
690 _aLEISURE AND RECREATION
700 _aBenson, Martin E.
710 _aAppraisal Institute
_92987
942 _n0
948 _c04/03/1997
999 _c90361
_d90361